Random Klingon Words - Statistics

General Stats
  • This quiz has been taken 63 times
    6 since last reset
  • The average score is 4 of 11
Answer Stats
Hint Answer % Correct
maj Good
80%
ghobe’ No
60%
HIja' Yes
60%
nab plan
40%
Qabla' Success
40%
yaj understand
40%
jang answer
20%
HeD retreat
20%
van salute
20%
mang Soldier
20%
toH So / well
20%
No matching quizzes found
Score Distribution
Percent of People with Each Score
Percentile by Number Answered
Your Score History
You have not taken this quiz since the last reset